000 00720nas a2200241 4500
001 BR7701791
003 BR-BrBNA
005 20231205083141.0
007 ta
008 230509b bl.|||p| |||| 00| 00por d
040 _aBR-BrBNA
_bpor
_cBiblioteca Nacional de Agricultura
041 _a(Pt)
072 _aF25
110 1 _aInstituto de Pesquisas Agronomicas, Porto Alegre, rs (Brasil)
_96134
245 1 _aConsideracoes sobre calagem [Calcario]
650 _aFertilidade do solo
650 _aCalagem
650 _aAcidez
650 _aCalcario
773 0 _tIPAGRO Informa (Brazil)
_xISSN 0100-3410
_g(May 1977), (no. 16) p. 20-22
_wBR7701791
909 _a202311
_bLúcia
_c55
_dLúcia Elande
942 _2AGRIS
_n0
_cANA
999 _c96750
_d96750